GİZLİ MERDİVENLER VE UÇAN HALI (Record no. 1229067)

MARC details
000 -LEADER
sabit uzunluktaki kontrol alanı 00267nam a2200097Ia 4500
001 - KONTROL NUMARASI
kontrol alanı 1229067
005 - EN SON İŞLEMİN TARİH VE ZAMANI
kontrol alanı 20250827093054.0
008 - SABİT-UZUNLUKTA VERİ ÖĞELERİ--GENEL BİLGİ
sabit uzunluktaki kontrol alanı 250824s9999 xx 000 0 und d
245 #0 - ESER / YAZAR
ESER ADI GİZLİ MERDİVENLER VE UÇAN HALI
Yazar Adı TONY ABBOTT
260 ## - YAYIN, DAĞITIM, VB.
YAYIN EVİ ALTIN KİTAPLAR YAYINLARI
Holdings
Düşüm durumu Kayıp durumu Hasar Durumu Ödünç verilmez Ana kütüphane Geçerli Kütüphane Edinilen tarih Toplam ödünç verme sayısı Barkod Son görüntüleme tarihi Fiyatın geçerli olmaya başladığı tarih Koha materyal türü
        ŞEHİT TEĞMEN BAYRAM OLGUN İMAM HATİP ORTAOKULU ŞEHİT TEĞMEN BAYRAM OLGUN İMAM HATİP ORTAOKULU 24.08.2025   11022976 27.08.2025 27.08.2025 Books